000 01041cam a22003374a 4500
001 13323641
003 OSt
005 20140310181741.0
008 030826s2004 nyu b 000 0 eng
010 _a 2003019051
020 _a1576855074 (pbk.)
040 _aDLC
_cDLC
_dDLC
042 _apcc
050 0 0 _aLB 1574.5
_b.C44 2004
082 0 0 _aTRE 372.44
_bC41 2004
100 1 _aChesla, Elizabeth L.
_92214
245 1 0 _aJust in Time Vocabulary. /
_cElizabeth Chesla.
250 _a1st ed.
260 _aNew York :
_bLearningExpress,
_cc2004.
300 _a206 p. ;
_c24 cm.
521 _aFaculty
526 _c1110L to 1700L
541 _j1
541 _j2
562 _e2
650 0 _aVocabulary
_xStudy and teaching.
_92216
856 4 1 _3Table of contents
_uhttp://www.loc.gov/catdir/toc/ecip048/2003019051.html
906 _a7
_bcbc
_corignew
_d1
_eecip
_f20
_gy-gencatlg
942 _2lcc
_cBK-TR
_kTR
999 _c2756
_d2756